Japanese Football - All J League Teams - Statistics

General Stats
  • This quiz has been taken 230 times
  • The average score is 31 of 60
Answer Stats
Answer % Correct
FC Tokyo
87%
Kashima Antlers
87%
Sanfrecce Hiroshima
84%
Gamba Osaka
81%
Hokkaido Consadole Sapporo
81%
Tokyo Verdy
81%
Urawa Red Diamonds
79%
Yokohama F. Marinos
79%
Kashiwa Reysol
78%
Vissel Kobe
77%
Kawasaki Frontale
76%
Cerezo Osaka
75%
Yokohama FC
75%
Kyoto Sanga
74%
Nagoya Grampus
73%
Avispa Fukuoka
70%
Vegalta Sendai
70%
Albirex Niigata
68%
Shimizu S-Pulse
68%
JEF United Chiba
66%
Sagan Tosu
66%
Jubilo Iwata
65%
V-Varen Nagasaki
63%
Machida Zelvia
59%
Fagiano Okayama
54%
Oita Trinita
51%
Matsumoto Yamaga
50%
Blaublitz Akita
48%
Omiya Ardija
48%
Roasso Kumamoto
48%
Kagoshima United
45%
Ventforet Kofu
44%
Nagano Parceiro
43%
Iwate Grulla Morioka
42%
Tokushima Vortis
42%
Mito Hollyhock
41%
Tochigi SC
41%
Ehime FC
38%
Iwaki FC
38%
Montedio Yamagata
38%
Thespakusatsu Gunma
38%
Shonan Bellmare
37%
FC Gifu
36%
Fukushima United
36%
Renofa Yamaguchi
36%
Zweigen Kanazawa
35%
FC Ryukyu
34%
Gainare Tottori
34%
Kataller Toyama
34%
Tegevajaro Miyazaki
32%
Nara Club
30%
SC Sagamihara
27%
Fujieda MYFC
26%
Girabanz Kitakyushu
26%
Kamatamare Sanuki
25%
Vanraure Hachinohe
25%
Azul Claro Numazu
23%
FC Imabari
20%
YSCC Yokohama
19%
FC Osaka
18%
No matching quizzes found
Score Distribution
Percent of People with Each Score
Percentile by Number Answered
Your Score History
You have not taken this quiz